[Event "Nicosia WGP 2023"]
[Site "Nicosia CYP"]
[Date "2023.05.16"]
[Round "1.3"]
[White "Dzagnidze, Nana"]
[Black "Khotenashvili, Bella"]
[Result "1-0"]
[WhiteTitle "GM"]
[BlackTitle "GM"]
[WhiteElo "2513"]
[BlackElo "2478"]
[WhiteFideId "13601903"]
[BlackFideId "13602640"]
[EventDate "2023.05.16"]

1. d4 Nf6 2. c4 g6 3. Nf3 Bg7 4. g3 O-O 5. Bg2 c5 6. O-O cxd4 7. Nxd4 d5 8. Nc3
e5 9. Nb3 d4 10. Nd5 Nxd5 11. cxd5 a5 12. e3 Qb6 13. exd4 exd4 14. Bg5 Bf5 15.
Rc1 Na6 16. Be7 Rfc8 17. Qd2 a4 18. Na5 Qb5 19. Ba3 Nc5 20. Nc4 Ra6 21. Rfd1 h5
22. Bf1 d3 23. Ne3 Be4 24. Rc4 Bf3 25. Bxd3 Qb6 26. Rdc1 Ra5 27. Rf4 Bg4 28.
Nxg4 hxg4 29. Rfc4 Bf8 30. Bf1 Rd8 31. Rb4 Qd6 32. Rxb7 Qe5 33. Rxf7 Kxf7 34.
Qxa5 1-0

[Event "Nicosia WGP 2023"]
[Site "Nicosia CYP"]
[Date "2023.05.16"]
[Round "1.4"]
[White "Kosteniuk, Alexandra"]
[Black "Tan, Zhongyi"]
[Result "0-1"]
[WhiteTitle "GM"]
[BlackTitle "GM"]
[WhiteElo "2535"]
[BlackElo "2517"]
[WhiteFideId "4128125"]
[BlackFideId "8603642"]
[EventDate "2023.05.16"]

1. e4 e5 2. Nf3 Nc6 3. Bb5 Nf6 4. d3 Bc5 5. Bxc6 dxc6 6. Nbd2 O-O 7. Nc4 Nd7 8.
c3 Re8 9. O-O Bd6 10. Re1 Nf8 11. d4 exd4 12. cxd4 Bg4 13. h3 Bh5 14. Qb3 Ne6
15. g4 Bg6 16. Bd2 Bf4 17. Rad1 Bxd2 18. Rxd2 Nf4 19. Nfe5 b5 20. Qe3 Nd5 21.
exd5 bxc4 22. dxc6 f6 23. f4 Bf7 24. Qf2 Bd5 25. Nd7 Bxc6 26. Rxe8+ Qxe8 27. Nc5
Qf7 28. Qe1 Re8 29. Re2 Rxe2 30. Qxe2 Bd5 31. Kf2 h6 32. f5 Qf8 33. Ke1 Kh7 34.
Qe3 Qb8 35. Qc3 c6 36. Ne6 Qh2 37. Nf8+ Kg8 38. Ng6 Qg1+ 39. Ke2 Qg2+ 40. Ke1
Qe4+ 41. Kd2 Qg2+ 42. Ke1 Bf7 43. a3 h5 44. gxh5 Kh7 45. Nf8+ Kh6 46. Qe3+ Kxh5
47. Qe7 Qg1+ 48. Ke2 Bd5 49. Qe8+ Kh4 50. Ng6+ Kg5 51. Ne7 Qg2+ 52. Ke1 Qg3+ 53.
Kd2 Qf2+ 54. Kc3 Qe1+ 0-1

[Event "Nicosia WGP 2023"]
[Site "Nicosia CYP"]
[Date "2023.05.16"]
[Round "1.5"]
[White "Kiolbasa, Oliwia"]
[Black "Mammadzada, Gunay"]
[Result "0-1"]
[WhiteTitle "IM"]
[BlackTitle "IM"]
[WhiteElo "2422"]
[BlackElo "2449"]
[WhiteFideId "1154613"]
[BlackFideId "13403729"]
[EventDate "2023.05.16"]

1. e4 c5 2. Nf3 d6 3. d4 cxd4 4. Nxd4 Nf6 5. Nc3 a6 6. h3 e6 7. g4 h6 8. a3 b5
9. h4 Bb7 10. Bg2 d5 11. e5 Ne4 12. Nxe4 dxe4 13. g5 hxg5 14. Bxg5 Qa5+ 15. Kf1
Qc7 16. Qe2 Qxe5 17. Rd1 Nd7 18. Qd2 Bd5 19. Ne2 Be7 20. Bxe7 Kxe7 21. Qb4+ Ke8
22. a4 Bc4 23. b3 Bxe2+ 24. Kxe2 Nf6 25. Qd4 Qxd4 26. Rxd4 Rc8 27. Kd2 Ke7 28.
axb5 axb5 29. Kc1 Ng4 30. Bxe4 Nxf2 31. Rf1 Nxe4 32. Rxe4 Rc5 33. Kb2 f5 34. Rb4
g6 35. Ra1 Rhc8 36. Rc1 e5 37. c4 f4 38. Kc3 Kf6 39. Rg1 bxc4 40. bxc4 R5c6 41.
Rg5 Rh8 42. Rb1 Rxh4 43. Rbg1 Rh6 44. R5g4 Kf7 45. Kd3 Rh5 46. c5 Rxc5 47. Rxg6
Rd5+ 0-1

[Event "Nicosia WGP 2023"]
[Site "Nicosia CYP"]
[Date "2023.05.16"]
[Round "1.6"]
[White "Lagno, Kateryna"]
[Black "Shuvalova, Polina"]
[Result "1-0"]
[WhiteTitle "GM"]
[BlackTitle "IM"]
[WhiteElo "2558"]
[BlackElo "2484"]
[WhiteFideId "14109336"]
[BlackFideId "24171760"]
[EventDate "2023.05.16"]

1. e4 e5 2. Nf3 Nc6 3. Nc3 Nf6 4. Bb5 Bb4 5. O-O O-O 6. d3 d6 7. Ne2 Bg4 8. c3
Bc5 9. Ng3 Nh5 10. Nf5 a6 11. Ba4 Ba7 12. Ne3 Bxe3 13. fxe3 b5 14. Bb3 Nf6 15.
Qe1 Be6 16. Bc2 Ne7 17. Nh4 Qd7 18. d4 c6 19. b3 Ng6 20. Ba3 Rfe8 21. Qg3 d5 22.
exd5 Nxd5 23. Nxg6 hxg6 24. e4 Nf6 25. dxe5 Qa7+ 26. Kh1 Nd7 27. Bd6 a5 28. Rad1
a4 29. Qf4 Nb6 30. Rd3 Rad8 31. Rg3 Rd7 32. h4 axb3 33. Bxb3 Nc4 34. h5 Nxd6 35.
exd6 Bxb3 36. axb3 Qc5 37. hxg6 fxg6 38. Rh3 Qe5 39. Qh4 Qh5 40. Qf4 Qe5 41. Qh4
Qh5 42. Qg3 Qe2 43. Kg1 Re6 44. Qh4 Qh5 45. Qf2 Rf6 46. Qxf6 gxf6 47. Rxh5 gxh5
48. Rxf6 1-0

[Event "Nicosia WGP 2023"]
[Site "Nicosia CYP"]
[Date "2023.05.17"]
[Round "2.1"]
[White "Assaubayeva, Bibisara"]
[Black "Shuvalova, Polina"]
[Result "0-1"]
[WhiteTitle "IM"]
[BlackTitle "IM"]
[WhiteElo "2464"]
[BlackElo "2484"]
[WhiteFideId "13708694"]
[BlackFideId "24171760"]
[EventDate "2023.05.16"]

1. c4 e6 2. Nc3 d5 3. d4 Nf6 4. cxd5 exd5 5. Bg5 Be7 6. e3 h6 7. Bh4 Bg4 8. Qb3
Nbd7 9. h3 Be6 10. Bd3 c5 11. Qc2 c4 12. Bf5 Bxf5 13. Qxf5 O-O 14. Nge2 g6 15.
Qf3 Qb6 16. O-O g5 17. Bg3 Qe6 18. Bh2 Ne4 19. Nxe4 dxe4 20. Qh5 Kh7 21. Nc3 f5
22. Qe2 Nf6 23. Rad1 Rad8 24. Be5 Bb4 25. Bxf6 Rxf6 26. Qc2 h5 27. Ne2 b5 28. h4
Rg8 29. hxg5 Rxg5 30. Nf4 Qc6 31. Qe2 Bd6 32. d5 Qb6 33. Ne6 Rg4 34. f3 exf3 35.
Qxf3 Be5 36. Rf2 Kg6 37. Nf4+ Kh6 38. Kf1 b4 39. Re2 a5 40. Rc2 c3 41. Nd3 Rg3
42. Qf2 Qb5 43. Qe2 Qxd5 44. Nxb4 Qe4 45. Nd5 Rfg6 46. Nf4 Bxf4 47. exf4 Qxf4+
48. Qf2 Qg4 49. Re1 cxb2 50. Rxb2 Qh4 51. Qc5 Qh1+ 52. Qg1 Rf3+ 53. Rf2 Rxf2+
54. Kxf2 Qh4+ 55. g3 Qd4+ 56. Kf3 Qd5+ 57. Kf2 f4 0-1

[Event "Nicosia WGP 2023"]
[Site "Nicosia CYP"]
[Date "2023.05.17"]
[Round "2.2"]
[White "Mammadzada, Gunay"]
[Black "Lagno, Kateryna"]
[Result "0-1"]
[WhiteTitle "IM"]
[BlackTitle "GM"]
[WhiteElo "2449"]
[BlackElo "2558"]
[WhiteFideId "13403729"]
[BlackFideId "14109336"]
[EventDate "2023.05.16"]

1. e4 e5 2. Nf3 Nc6 3. Bb5 Nf6 4. O-O Nxe4 5. Re1 Nd6 6. Nxe5 Be7 7. Bf1 Nxe5 8.
Rxe5 O-O 9. d4 Bf6 10. Re2 b6 11. Re1 Bb7 12. c3 Bg5 13. Bxg5 Qxg5 14. Re5 Qg6
15. Nd2 Rfe8 16. Qa4 Bc6 17. Qb3 Rxe5 18. dxe5 Ne4 19. Qc2 Nxd2 20. Qxd2 Re8 21.
Qd4 Qf5 22. f4 g5 23. fxg5 Rxe5 24. h4 Re4 25. Bd3 Rxd4 26. Bxf5 Rxh4 27. Rd1 d6
28. Re1 Kf8 29. Re3 Rh5 30. Rg3 f6 31. g6 hxg6 32. Bxg6 Rg5 33. Rxg5 fxg5 34.
Kf2 Kg7 35. Bd3 Kf6 36. g3 Ke5 37. Ke3 Bd5 38. a3 Be6 39. Bc2 Bf5 40. Bb3 Be4
41. Bc4 Bb1 42. Bf1 c5 43. Be2 d5 44. Bf1 d4+ 45. cxd4+ cxd4+ 46. Kd2 Kd5 47.
Ba6 Kc5 48. Be2 Ba2 49. Bh5 a5 50. Be8 Be6 51. Bh5 Kc4 52. Bd1 Bf5 53. Ba4 b5
54. Bd1 Be4 55. Bh5 Kb3 56. Kc1 Bd5 57. Kb1 Be4+ 58. Kc1 Bd3 59. Kd2 Bc4 60. Kc1
Ka2 61. Bg6 d3 62. Bh5 d2+ 63. Kc2 d1=Q+ 0-1

[Event "Nicosia WGP 2023"]
[Site "Nicosia CYP"]
[Date "2023.05.17"]
[Round "2.3"]
[White "Tan, Zhongyi"]
[Black "Kiolbasa, Oliwia"]
[Result "1-0"]
[WhiteTitle "GM"]
[BlackTitle "IM"]
[WhiteElo "2517"]
[BlackElo "2422"]
[WhiteFideId "8603642"]
[BlackFideId "1154613"]
[EventDate "2023.05.16"]

1. d4 Nf6 2. c4 e6 3. Nf3 d5 4. Nc3 c5 5. cxd5 cxd4 6. Nxd4 Nxd5 7. Bd2 Be7 8.
e3 O-O 9. Bd3 Bf6 10. O-O Nb4 11. Bb1 N8c6 12. a3 Nxd4 13. axb4 Nf5 14. Qc2 g6
15. Ne4 Bg7 16. Rd1 Qe7 17. Bc3 e5 18. Ba2 b6 19. Bd5 Bb7 20. Bxb7 Qxb7 21. Qd3
Qe7 22. Qd7 Qh4 23. Ng3 Nxg3 24. hxg3 Qg5 25. Rxa7 Rad8 26. Qa4 b5 27. Qb3 e4
28. Rad7 Rxd7 29. Rxd7 Qg4 30. Rd5 Qe2 31. Bxg7 Kxg7 32. Qc3+ Kg8 33. Rd2 Qg4
34. Qe5 Qc8 35. Kh2 Qc1 36. Qd4 Rc8 37. g4 Qc7+ 38. Kh3 Qe7 39. b3 Qe6 40. Qd5
Qxd5 41. Rxd5 Rc3 42. Rxb5 Rxb3 43. g5 Kg7 44. Rb7 Rb1 45. Kg3 Rb2 46. b5 Rb4
47. Rb8 h6 48. gxh6+ Kxh6 49. b6 Kg5 50. Rb7 Kf6 51. Kf4 Rb2 52. Kxe4 Rxf2 53.
Rc7 Rxg2 54. b7 Rb2 55. Kd5 g5 56. Kc6 g4 57. Rc8 Rxb7 58. Kxb7 Ke5 59. Kc6 Ke4
60. Re8+ Kd3 61. e4 g3 62. e5 Kd4 1-0

[Event "Nicosia WGP 2023"]
[Site "Nicosia CYP"]
[Date "2023.05.17"]
[Round "2.4"]
[White "Khotenashvili, Bella"]
[Black "Kosteniuk, Alexandra"]
[Result "1/2-1/2"]
[WhiteTitle "GM"]
[BlackTitle "GM"]
[WhiteElo "2478"]
[BlackElo "2535"]
[WhiteFideId "13602640"]
[BlackFideId "4128125"]
[EventDate "2023.05.16"]

1. d4 Nf6 2. c4 e6 3. g3 Bb4+ 4. Bd2 a5 5. Bg2 d5 6. Nf3 O-O 7. Qc2 c5 8. dxc5
d4 9. Bxb4 axb4 10. Ne5 Nfd7 11. Nd3 Nc6 12. Nd2 Qe7 13. O-O Nxc5 14. Nxc5 Qxc5
15. Nb3 Qb6 16. c5 Qc7 17. Bxc6 bxc6 18. Nxd4 e5 19. Nf5 Ra5 20. Nd6 Qa7 21.
Nxc8 Rxc8 22. Rfc1 Rxa2 23. Rxa2 Qxa2 24. Rd1 g6 25. h4 h5 26. Rd2 b3 27. Qc4
Ra8 28. Rd7 Rf8 29. Rd2 Qa7 30. Kg2 Kg7 31. Rd6 Re8 32. Kh2 Re6 33. Rd3 Qa5 34.
Rxb3 Qd2 35. Kg2 e4 36. Qc3+ Qxc3 37. Rxc3 Kf6 38. f4 Re7 39. Rc4 Kf5 40. Rd4
Kg4 41. b4 e3 42. b5 cxb5 43. Rd5 f6 44. Rd6 Kf5 45. Kf3 b4 46. Rb6 Rc7 47. Rb5
b3 48. Kxe3 Kg4 49. Kf2 g5 50. fxg5 fxg5 51. hxg5 Kxg5 52. Kf3 b2 53. c6+ Kg6
54. Rxb2 Rxc6 55. e4 Rf6+ 56. Ke3 Kg5 57. e5 Ra6 58. Ke4 Ra4+ 59. Kd5 Ra5+ 60.
Kd6 Ra6+ 61. Kd5 1/2-1/2

[Event "Nicosia WGP 2023"]
[Site "Nicosia CYP"]
[Date "2023.05.17"]
[Round "2.5"]
[White "Goryachkina, Aleksandra"]
[Black "Dzagnidze, Nana"]
[Result "1-0"]
[WhiteTitle "GM"]
[BlackTitle "GM"]
[WhiteElo "2571"]
[BlackElo "2513"]
[WhiteFideId "4147103"]
[BlackFideId "13601903"]
[EventDate "2023.05.16"]

1. d4 d5 2. c4 e6 3. Nf3 Nf6 4. g3 dxc4 5. Bg2 c5 6. O-O Nc6 7. dxc5 Qxd1 8.
Rxd1 Bxc5 9. Nbd2 c3 10. bxc3 O-O 11. Nb3 Be7 12. Nfd4 Nxd4 13. cxd4 Nd5 14. Na5
Bb4 15. Nc4 Bd7 16. Rb1 Bb5 17. Bxd5 exd5 18. Ne3 a5 19. a3 Bxe2 20. axb4 Bxd1
21. Nxd1 a4 22. Ne3 a3 23. Ra1 a2 24. Kf1 Rfc8 25. Bd2 f6 26. Ke2 Kf7 27. Nxd5
Rd8 28. Nc7 Rac8 29. Nb5 Rd5 30. Nc3 Rxd4 31. b5 Ra8 32. Rxa2 Rxa2 33. Nxa2 Ke6
34. Be3 Rd8 35. Nc3 Kf5 36. Na4 Rd5 37. b6 Rd6 38. Kf3 h5 39. h3 g5 40. Nb2 g4+
41. Kg2 Ke4 42. Nc4 Re6 43. hxg4 hxg4 44. Na5 Re7 45. Bf4 Kd3 46. Bc7 1-0

[Event "Nicosia WGP 2023"]
[Site "Nicosia CYP"]
[Date "2023.05.17"]
[Round "2.6"]
[White "Dronavalli, Harika"]
[Black "Wagner, Dinara"]
[Result "1/2-1/2"]
[WhiteTitle "GM"]
[BlackTitle "WGM"]
[WhiteElo "2501"]
[BlackElo "2417"]
[WhiteFideId "5015197"]
[BlackFideId "24157570"]
[EventDate "2023.05.16"]

1. Nf3 d5 2. g3 c5 3. Bg2 Nc6 4. d4 e6 5. O-O Nf6 6. c4 dxc4 7. Ne5 Bd7 8. Na3
cxd4 9. Naxc4 Be7 10. Bf4 Rc8 11. Nxd7 Qxd7 12. Ne5 Nxe5 13. Bxe5 O-O 14. Bxd4
b6 15. e3 Rfd8 16. Qb3 Nd5 17. Rfd1 Qc7 18. Bf3 Bf6 19. Bxd5 Rxd5 20. Bxf6 Rxd1+
21. Rxd1 gxf6 22. Qa4 Rd8 23. Rxd8+ Qxd8 24. h4 Qc7 25. b3 Kg7 26. Qg4+ Kf8 27.
Qe4 Kg7 28. Kg2 Qc5 29. Qg4+ Kf8 30. Qf3 Kg7 31. Qg4+ Kf8 32. Qf3 1/2-1/2

[Event "Nicosia WGP 2023"]
[Site "Nicosia CYP"]
[Date "2023.05.18"]
[Round "3.1"]
[White "Wagner, Dinara"]
[Black "Assaubayeva, Bibisara"]
[Result "1/2-1/2"]
[WhiteTitle "WGM"]
[BlackTitle "IM"]
[WhiteElo "2417"]
[BlackElo "2464"]
[WhiteFideId "24157570"]
[BlackFideId "13708694"]
[EventDate "2023.05.16"]

1. d4 Nf6 2. c4 g6 3. Nc3 Bg7 4. e4 d6 5. Nf3 O-O 6. Be2 e5 7. Be3 h6 8. d5 Ng4
9. Bd2 f5 10. h3 Nf6 11. exf5 gxf5 12. g4 Ne4 13. Nxe4 fxe4 14. Nh2 Nd7 15. Be3
Nc5 16. Nf1 b5 17. Ng3 bxc4 18. Bxc5 dxc5 19. Nxe4 Rf4 20. Qc2 c3 21. bxc3 Qxd5
22. f3 Bb7 23. O-O Raf8 24. Qb3 Kh8 25. Rad1 Qc6 26. Qb5 Qb6 27. Qxc5 Bxe4 28.
Qxb6 axb6 29. fxe4 Rxe4 30. Rxf8+ Bxf8 31. Rd8 Rxe2 32. Rxf8+ Kg7 33. Rc8 1/2-1/2

[Event "Nicosia WGP 2023"]
[Site "Nicosia CYP"]
[Date "2023.05.18"]
[Round "3.2"]
[White "Dzagnidze, Nana"]
[Black "Dronavalli, Harika"]
[Result "1/2-1/2"]
[WhiteTitle "GM"]
[BlackTitle "GM"]
[WhiteElo "2513"]
[BlackElo "2501"]
[WhiteFideId "13601903"]
[BlackFideId "5015197"]
[EventDate "2023.05.16"]

1. Nf3 d5 2. c4 e6 3. d4 Nf6 4. Nc3 Nbd7 5. e3 a6 6. b3 b6 7. Bb2 Bb7 8. Bd3 Bd6
9. O-O O-O 10. Qc2 dxc4 11. bxc4 Bxf3 12. gxf3 Nd5 13. cxd5 Qg5+ 14. Kh1 Qh5 15.
f4 Qf3+ 16. Kg1 Qg4+ 17. Kh1 Qf3+ 18. Kg1 Qg4+ 19. Kh1 Qf3+ 1/2-1/2

[Event "Nicosia WGP 2023"]
[Site "Nicosia CYP"]
[Date "2023.05.18"]
[Round "3.3"]
[White "Kosteniuk, Alexandra"]
[Black "Goryachkina, Aleksandra"]
[Result "1/2-1/2"]
[WhiteTitle "GM"]
[BlackTitle "GM"]
[WhiteElo "2535"]
[BlackElo "2571"]
[WhiteFideId "4128125"]
[BlackFideId "4147103"]
[EventDate "2023.05.16"]

1. e4 e5 2. Nf3 Nc6 3. Bc4 Bc5 4. c3 Nf6 5. d3 d6 6. Nbd2 Bb6 7. Bb3 a5 8. h3 h6
9. Nf1 Be6 10. Ba4 Bd7 11. Ng3 Ne7 12. Bc2 Ng6 13. d4 O-O 14. Be3 Re8 15. Qd2
exd4 16. cxd4 Bc6 17. d5 Bxe3 18. fxe3 Bd7 19. O-O c6 20. Nd4 c5 21. Ndf5 Bxf5
22. Rxf5 Nd7 23. Raf1 Nde5 24. Ba4 Rf8 25. Rh5 Kh7 26. Qc3 f6 27. Rhf5 Qb6 28.
a3 Qa6 29. Qb3 c4 30. Qc3 b5 31. Bc2 Rab8 32. Ra1 Qb6 33. Qd4 Rf7 34. Rff1 Rc7
35. Ne2 b4 36. axb4 axb4 37. b3 cxb3 38. Bxb3 Nd7 39. Rfb1 Nc5 40. Ra2 Re7 41.
Ng3 Kg8 42. Rab2 Ne5 43. Kh2 Kh7 44. Nf5 Reb7 45. Qd1 g6 46. Nd4 Nxe4 47. Qf1 f5
48. Ra1 Nc5 49. Bc2 Rf7 50. Rab1 Qb7 51. Rxb4 Qxb4 52. Rxb4 Rxb4 53. Qa1 Rbb7
54. Qa8 Nc4 55. e4 fxe4 56. Ne6 Rbe7 57. Nf8+ Kg7 58. Ne6+ Kh7 59. Nf8+ Kg7 60.
Ne6+ Kh7 1/2-1/2

[Event "Nicosia WGP 2023"]
[Site "Nicosia CYP"]
[Date "2023.05.18"]
[Round "3.4"]
[White "Kiolbasa, Oliwia"]
[Black "Khotenashvili, Bella"]
[Result "1/2-1/2"]
[WhiteTitle "IM"]
[BlackTitle "GM"]
[WhiteElo "2422"]
[BlackElo "2478"]
[WhiteFideId "1154613"]
[BlackFideId "13602640"]
[EventDate "2023.05.16"]

1. e4 e5 2. Nf3 Nc6 3. Bb5 a6 4. Ba4 Nf6 5. O-O Nxe4 6. Re1 Nc5 7. Bxc6 dxc6 8.
Nxe5 Be7 9. d4 Ne6 10. Be3 O-O 11. c4 f6 12. Nf3 Ng5 13. Nxg5 fxg5 14. Nc3 Bf5
15. Qb3 Qd7 16. Rad1 Kh8 17. d5 b6 18. dxc6 Qxc6 19. Nd5 Bf6 20. Nxf6 Qxf6 21.
Bd4 Qf7 22. Qe3 h6 23. c5 bxc5 24. Bxc5 Rfe8 25. Qc3 g4 26. b3 Kh7 27. Be3 Rad8
28. Qa5 Bd3 29. Rd2 Rd7 30. Red1 Red8 31. Qa4 Qf5 32. Qf4 1/2-1/2

[Event "Nicosia WGP 2023"]
[Site "Nicosia CYP"]
[Date "2023.05.18"]
[Round "3.5"]
[White "Lagno, Kateryna"]
[Black "Tan, Zhongyi"]
[Result "1/2-1/2"]
[WhiteTitle "GM"]
[BlackTitle "GM"]
[WhiteElo "2558"]
[BlackElo "2517"]
[WhiteFideId "14109336"]
[BlackFideId "8603642"]
[EventDate "2023.05.16"]

1. e4 e5 2. Nf3 Nf6 3. Nxe5 d6 4. Nf3 Nxe4 5. d4 d5 6. Bd3 Nc6 7. O-O Be7 8.
Nbd2 Nxd2 9. Bxd2 Bg4 10. c3 O-O 11. h3 Bh5 12. g3 Qd7 13. Kg2 Bg6 14. Bxg6 fxg6
15. Bf4 Rf5 16. Qd3 Raf8 17. Rae1 h6 18. Ne5 Nxe5 19. Rxe5 Bd6 20. Rxf5 gxf5 21.
Re1 Bxf4 22. gxf4 c6 23. Re5 Qd6 24. Qe3 Qg6+ 25. Kh2 Kh7 26. Qe2 Qf6 27. Qe3
Qg6 28. Qd3 Rf7 29. Qd1 Qf6 30. Qh5 Rf8 31. Qf3 Rf7 32. Qe3 Qh4 33. Qg3 Qh5 34.
Re6 Rf6 35. Rxf6 1/2-1/2

[Event "Nicosia WGP 2023"]
[Site "Nicosia CYP"]
[Date "2023.05.18"]
[Round "3.6"]
[White "Shuvalova, Polina"]
[Black "Mammadzada, Gunay"]
[Result "1-0"]
[WhiteTitle "IM"]
[BlackTitle "IM"]
[WhiteElo "2484"]
[BlackElo "2449"]
[WhiteFideId "24171760"]
[BlackFideId "13403729"]
[EventDate "2023.05.16"]

1. e4 c5 2. Nf3 e6 3. d4 cxd4 4. Nxd4 a6 5. Bd3 Nf6 6. O-O Qc7 7. c4 d6 8. Nc3
Nbd7 9. a4 Ne5 10. b3 Nxd3 11. Qxd3 Be7 12. Rd1 O-O 13. Nde2 b6 14. Ba3 Rd8 15.
Qg3 Bb7 16. f3 Rac8 17. Rd2 Nh5 18. Qf2 Bg5 19. Rd3 Nf4 20. Nxf4 Bxf4 21. Ne2
Bg5 22. Rad1 Be7 23. Qg3 e5 24. Nc3 Bf8 25. Qf2 Bc6 26. Nd5 Bxd5 27. Rxd5 Rd7
28. Qd2 Rcd8 29. Bb2 f6 30. h4 Re8 31. Ba3 Re6 32. Qf2 Qc6 33. Kh2 Rf7 34. Qd2
Rd7 35. Qd3 h5 36. a5 Rb7 37. Bxd6 Bxd6 38. Rxd6 Rxd6 39. Qxd6 Qxd6 40. Rxd6
bxa5 41. Rxa6 Rxb3 42. Rxa5 Rc3 43. Rc5 Kh7 44. Kg3 Kh6 45. Rc8 Rc2 46. c5 Kh7
47. c6 g6 48. c7 Kg7 49. Kh2 Rc1 50. g3 Kh7 51. Kg2 g5 52. Rf8 Rxc7 53. Rxf6
gxh4 54. gxh4 Rc5 55. Rf5 Kg6 56. Kf2 Ra5 57. Ke3 Ra3+ 58. Ke2 Ra5 59. Kd3 Kh6
60. Kc3 Ra1 61. Kd3 Rh1 62. Rxe5 Rxh4 63. Ke3 Kg6 64. Ra5 Kf6 65. Kf2 Kg6 66.
Kg2 Kh6 67. Ra6+ Kg7 68. Ra1 Rf4 69. Kg3 Rf7 70. f4 Re7 71. Kf3 Rb7 72. f5 Rb2
73. Kf4 Rg2 74. Kf3 Rg5 75. Ra2 Kf6 76. Rg2 h4 77. Rxg5 Kxg5 78. Kg2 1-0

[Event "Nicosia WGP 2023"]
[Site "Nicosia CYP"]
[Date "2023.05.19"]
[Round "4.1"]
[White "Assaubayeva, Bibisara"]
[Black "Mammadzada, Gunay"]
[Result "1/2-1/2"]
[WhiteTitle "IM"]
[BlackTitle "IM"]
[WhiteElo "2464"]
[BlackElo "2449"]
[WhiteFideId "13708694"]
[BlackFideId "13403729"]
[EventDate "2023.05.16"]

1. c4 c6 2. d4 d5 3. Nc3 Nf6 4. cxd5 cxd5 5. Bf4 Nc6 6. e3 Bf5 7. Nf3 e6 8. Ne5
Nxe5 9. dxe5 Nd7 10. e4 dxe4 11. Bb5 Bb4 12. g4 Bg6 13. h4 h6 14. h5 Bh7 15. Ke2
Bxc3 16. bxc3 a6 17. Qxd7+ Qxd7 18. Bxd7+ Kxd7 19. Rhd1+ Kc7 20. Be3 Rhd8 21. a4
Rd3 22. a5 Rc8 23. Ra4 Kd7 24. Rxd3+ exd3+ 25. Kd2 Ke8 26. f3 Rd8 27. c4 Kd7 28.
Rb4 Kc8 29. Bc5 g6 30. hxg6 Bxg6 31. Bd6 f5 32. c5 fxg4 33. fxg4 Be8 34. Kxd3
Bc6 35. Rf4 Rg8 36. Ke3 Be8 37. Rf6 Kd7 38. Rxh6 Rxg4 39. Rh7+ Kc6 40. Rc7+ Kd5
41. Rxb7 Ra4 42. Rb3 1/2-1/2

[Event "Nicosia WGP 2023"]
[Site "Nicosia CYP"]
[Date "2023.05.19"]
[Round "4.2"]
[White "Tan, Zhongyi"]
[Black "Shuvalova, Polina"]
[Result "1/2-1/2"]
[WhiteTitle "GM"]
[BlackTitle "IM"]
[WhiteElo "2517"]
[BlackElo "2484"]
[WhiteFideId "8603642"]
[BlackFideId "24171760"]
[EventDate "2023.05.16"]

1. Nf3 d5 2. g3 g6 3. Bg2 Bg7 4. d4 Nf6 5. O-O O-O 6. c4 c6 7. Qb3 a5 8. cxd5 a4
9. Qd1 cxd5 10. Nc3 Qa5 11. Bd2 Qa6 12. b3 axb3 13. axb3 Qxa1 14. Qxa1 Rxa1 15.
Rxa1 Nc6 16. e3 Bf5 17. h3 e6 18. g4 Bd3 19. Ne1 Ba6 20. f4 Ne8 21. Bf1 Bxf1 22.
Kxf1 Nd6 23. Nd3 Rc8 24. Ra4 Kf8 25. Ke2 Ke7 26. Ne5 f6 27. Nxc6+ Rxc6 28. Ra7
Rb6 29. b4 Ra6 30. Rxa6 bxa6 31. Na4 Ne4 32. Nc5 Nxc5 33. dxc5 f5 34. gxf5 exf5
35. Kd3 Kd7 36. Bc3 Bf8 37. Bf6 Kc6 38. Kc3 Kb5 39. Kd4 Kc6 40. Kc3 Kb5 41. Kd4
Kc6 42. Kc3 Kb5 43. Kd4 1/2-1/2

[Event "Nicosia WGP 2023"]
[Site "Nicosia CYP"]
[Date "2023.05.19"]
[Round "4.3"]
[White "Khotenashvili, Bella"]
[Black "Lagno, Kateryna"]
[Result "1/2-1/2"]
[WhiteTitle "GM"]
[BlackTitle "GM"]
[WhiteElo "2478"]
[BlackElo "2558"]
[WhiteFideId "13602640"]
[BlackFideId "14109336"]
[EventDate "2023.05.16"]

1. d4 Nf6 2. c4 e6 3. Nf3 d5 4. g3 Bb4+ 5. Bd2 a5 6. Bg2 O-O 7. Qc2 c5 8. cxd5
cxd4 9. Nxd4 Qb6 10. e3 exd5 11. O-O Nc6 12. Nxc6 bxc6 13. Rc1 Rb8 14. Nc3 h5
15. a3 Be7 16. Na4 Qc7 17. Qxc6 Qxc6 18. Rxc6 Bd7 19. Rc7 Bd8 20. Rxd7 Nxd7 21.
Rd1 Nb6 22. Nxb6 Rxb6 23. b4 axb4 24. Bxb4 Re8 25. Rxd5 Be7 26. Re5 Kf8 27. Rxh5
Bxb4 28. axb4 Rxb4 29. Rh8+ Ke7 30. Rxe8+ Kxe8 1/2-1/2

[Event "Nicosia WGP 2023"]
[Site "Nicosia CYP"]
[Date "2023.05.19"]
[Round "4.4"]
[White "Goryachkina, Aleksandra"]
[Black "Kiolbasa, Oliwia"]
[Result "1-0"]
[WhiteTitle "GM"]
[BlackTitle "IM"]
[WhiteElo "2571"]
[BlackElo "2422"]
[WhiteFideId "4147103"]
[BlackFideId "1154613"]
[EventDate "2023.05.16"]

1. c4 e6 2. g3 d5 3. Bg2 Nf6 4. Nf3 Be7 5. d4 O-O 6. Nc3 dxc4 7. Ne5 Nc6 8. Bxc6
bxc6 9. Nxc6 Qe8 10. Nxe7+ Qxe7 11. Qa4 Nd5 12. Qxc4 a5 13. Bd2 Ba6 14. Qc5 Qd7
15. f3 Rfb8 16. Rb1 Rb6 17. Kf2 Rc6 18. Qa3 Rc4 19. Rhd1 Rxd4 20. Be3 Nxe3 21.
Kxe3 Rxd1 22. Rxd1 Qc6 23. Qa4 Qb6+ 24. Qd4 Kf8 25. Na4 Qxd4+ 26. Rxd4 Ke7 27.
f4 Bb5 28. Nc5 Bc6 29. Kd2 Rb8 30. b3 Rb5 31. Nd3 f6 32. h4 h5 33. Kc3 e5 34.
Rc4 Kd6 35. fxe5+ fxe5 36. Nf2 Bd5 37. Ra4 Ke6 38. Kd2 Rc5 39. Nd3 Rb5 40. Nb2
Kd6 41. Nd1 Rc5 42. Nb2 g6 43. e4 Be6 44. Nd3 Rb5 45. Kc3 c5 46. Kd2 Bf7 47. Ke3
Be6 48. Nb2 Kc6 49. Kd3 Kb6 50. Kc3 Rb4 51. Nd3 Rxa4 52. bxa4 Bxa2 53. Nxe5 Bb1
54. Nc4+ Ka6 55. Nd2 Ba2 56. Nb3 Kb6 57. Kb2 Bxb3 58. Kxb3 Kc6 59. Kc4 Kd6 60.
Kb5 Ke5 61. Kxc5 1-0

[Event "Nicosia WGP 2023"]
[Site "Nicosia CYP"]
[Date "2023.05.19"]
[Round "4.5"]
[White "Dronavalli, Harika"]
[Black "Kosteniuk, Alexandra"]
[Result "1/2-1/2"]
[WhiteTitle "GM"]
[BlackTitle "GM"]
[WhiteElo "2501"]
[BlackElo "2535"]
[WhiteFideId "5015197"]
[BlackFideId "4128125"]
[EventDate "2023.05.16"]

1. d4 Nf6 2. c4 e6 3. g3 Bb4+ 4. Bd2 a5 5. Bg2 d5 6. Nf3 O-O 7. Qc1 c5 8. dxc5
d4 9. Bxb4 axb4 10. Ne5 Nbd7 11. Nd3 e5 12. Nd2 Re8 13. f3 h5 14. O-O h4 15.
gxh4 Nf8 16. Ne4 Nxe4 17. fxe4 Qxh4 18. Qe1 Qh5 19. Bf3 Qh6 20. Kh1 Nd7 21. Rg1
f5 22. Qg3 Nf6 23. Nf2 f4 24. Qg2 Qh7 25. Qg5 Kf8 26. Rg2 Re7 27. b3 Bd7 28. Qg6
Qxg6 29. Rxg6 Bc6 30. Nd3 Kg8 31. Nxb4 Bxe4 32. Bxe4 Nxe4 33. Nd5 Rf7 34. Re6
Nxc5 35. Rxe5 1/2-1/2